| 000 | 00912nam a22002537a 4500 | ||
|---|---|---|---|
| 001 | 10086 | ||
| 003 | FISKH | ||
| 005 | 20260407112031.0 | ||
| 008 | 260407b cb ||||| |||| 00| 0 eng d | ||
| 020 | _a9780141043678 | ||
| 040 |
_aFISKH _beng _cFISKH _dFISKH |
||
| 050 | _a DK43 .F54 | ||
| 082 | _a947.084 | ||
| 100 | _aFiges , Orlando | ||
| 245 |
_aRevolutionary Russia , 1891-1991 / _cBy Orlando Figes |
||
| 250 | _aFirst published 2014 | ||
| 260 |
_aLondon : _bPenguin Books , _c2014 . |
||
| 300 |
_a473 pages : _billustrations ; _c18 cm . |
||
| 520 | _aPresenting a new perspective on the Russian Revolution, a noted historian traces three generational phases to show how the revolution, while it changed in form and character, retained the same idealistic goals throughout. | ||
| 650 |
_aRussian History _vNon-fiction |
||
| 650 |
_aCommunism _vNon-fiction |
||
| 942 |
_2ddc _cBK _n0 |
||
| 999 |
_c10086 _d10086 |
||